| 000 | 00425nam a22001697a 4500 | ||
|---|---|---|---|
| 003 | BD-DhUIB | ||
| 005 | 20251101191954.0 | ||
| 008 | 251101b |||||||| |||| 00| 0 eng d | ||
| 040 |
_aBD-DhUIB _cBD-DhUIB |
||
| 050 | _a657.3 | ||
| 082 | _222 | ||
| 100 |
_aPalepu, Krishna G. _9731 |
||
| 245 |
_aBusiness analysis and valuation using finance/ _cby Krishna G. Palepu. |
||
| 250 | _a5th ed. | ||
| 526 | _aBBA. | ||
| 942 |
_2ddc _cBK |
||
| 999 |
_c642 _d642 |
||